<?xml version="1.0" encoding="UTF-8"?>
<record
    xmlns:xsi="http://www.w3.org/2001/XMLSchema-instance"
    xsi:schemaLocation="http://www.loc.gov/MARC21/slim http://www.loc.gov/standards/marcxml/schema/MARC21slim.xsd"
    xmlns="http://www.loc.gov/MARC21/slim">

  <leader>01940nam0a2200349   4500</leader>
  <controlfield tag="001">RU\NLR\b_ik\163697</controlfield>
  <controlfield tag="005">20260407171604.0</controlfield>
  <datafield tag="010" ind1=" " ind2=" ">
    <subfield code="a">978-5-76920947-5</subfield>
    <subfield code="9">150</subfield>
  </datafield>
  <datafield tag="035" ind1=" " ind2=" ">
    <subfield code="a">(NLR Aleph) 002236527</subfield>
  </datafield>
  <datafield tag="090" ind1=" " ind2=" ">
    <subfield code="a">3499440</subfield>
    <subfield code="c">3499440</subfield>
  </datafield>
  <datafield tag="100" ind1=" " ind2=" ">
    <subfield code="a">20071120d2007    |||y0rusy50      ca</subfield>
  </datafield>
  <datafield tag="101" ind1="0" ind2=" ">
    <subfield code="a">eng</subfield>
  </datafield>
  <datafield tag="102" ind1=" " ind2=" ">
    <subfield code="a">RU</subfield>
  </datafield>
  <datafield tag="105" ind1=" " ind2=" ">
    <subfield code="a">a   |||||||||</subfield>
  </datafield>
  <datafield tag="200" ind1="1" ind2=" ">
    <subfield code="a">International symposium "Large igneous provinces of Asia, mantle plumes and metallogeny", Novosibirsk, Russia, 13-16 August 2007</subfield>
  </datafield>
  <datafield tag="210" ind1=" " ind2=" ">
    <subfield code="a">Novosibirsk</subfield>
    <subfield code="c">Publishing house of SB RAS</subfield>
    <subfield code="d">2007</subfield>
  </datafield>
  <datafield tag="215" ind1=" " ind2=" ">
    <subfield code="a">224 c.</subfield>
    <subfield code="c">&#x438;&#x43B;.</subfield>
    <subfield code="d">20</subfield>
  </datafield>
  <datafield tag="300" ind1=" " ind2=" ">
    <subfield code="a">&#x412; &#x432;&#x44B;&#x43F;. &#x434;&#x430;&#x43D;.: &#x41A;&#x440;&#x443;&#x43F;&#x43D;&#x44B;&#x435; &#x43C;&#x430;&#x433;&#x43C;&#x430;&#x442;&#x438;&#x447;&#x435;&#x441;&#x43A;&#x438;&#x435; &#x43F;&#x440;&#x43E;&#x432;&#x438;&#x43D;&#x446;&#x438;&#x438; &#x410;&#x437;&#x438;&#x438;, &#x43C;&#x430;&#x43D;&#x442;&#x438;&#x439;&#x43D;&#x44B;&#x435; &#x43F;&#x43B;&#x44E;&#x43C;&#x44B; &#x438; &#x43C;&#x435;&#x442;&#x430;&#x43B;&#x43B;&#x43E;&#x433;&#x435;&#x43D;&#x438;&#x44F;, &#x41D;&#x43E;&#x432;&#x43E;&#x441;&#x438;&#x431;&#x438;&#x440;&#x441;&#x43A;, &#x420;&#x43E;&#x441;&#x441;&#x438;&#x44F;, 13-16 &#x430;&#x432;&#x433;&#x443;&#x441;&#x442;&#x430; 2007</subfield>
  </datafield>
  <datafield tag="300" ind1=" " ind2=" ">
    <subfield code="a">&#x412; &#x43D;&#x430;&#x434;&#x437;&#x430;&#x433;.: Inst. of geology a. mineralogy, Siberian branch of Russ. acad. of sciences</subfield>
  </datafield>
  <datafield tag="320" ind1=" " ind2=" ">
    <subfield code="a">&#x411;&#x438;&#x431;&#x43B;&#x438;&#x43E;&#x433;&#x440;. &#x432; &#x43A;&#x43E;&#x43D;&#x446;&#x435; &#x434;&#x43E;&#x43A;&#x43B;.</subfield>
  </datafield>
  <datafield tag="517" ind1="0" ind2=" ">
    <subfield code="a">&#x41A;&#x440;&#x443;&#x43F;&#x43D;&#x44B;&#x435; &#x43C;&#x430;&#x433;&#x43C;&#x430;&#x442;&#x438;&#x447;&#x435;&#x441;&#x43A;&#x438;&#x435; &#x43F;&#x440;&#x43E;&#x432;&#x438;&#x43D;&#x446;&#x438;&#x438; &#x410;&#x437;&#x438;&#x438;, &#x43C;&#x430;&#x43D;&#x442;&#x438;&#x439;&#x43D;&#x44B;&#x435; &#x43F;&#x43B;&#x44E;&#x43C;&#x44B; &#x438; &#x43C;&#x435;&#x442;&#x430;&#x43B;&#x43B;&#x43E;&#x433;&#x435;&#x43D;&#x438;&#x44F;, &#x41D;&#x43E;&#x432;&#x43E;&#x441;&#x438;&#x431;&#x438;&#x440;&#x441;&#x43A;, &#x420;&#x43E;&#x441;&#x441;&#x438;&#x44F;, 13-16 &#x430;&#x432;&#x433;&#x443;&#x441;&#x442;&#x430; 2007</subfield>
  </datafield>
  <datafield tag="606" ind1="1" ind2=" ">
    <subfield code="a">&#x41C;&#x430;&#x433;&#x43C;&#x430;&#x442;&#x438;&#x447;&#x435;&#x441;&#x43A;&#x438;&#x435; &#x43A;&#x43E;&#x43C;&#x43F;&#x43B;&#x435;&#x43A;&#x441;&#x44B;</subfield>
    <subfield code="j">&#x421;&#x44A;&#x435;&#x437;&#x434;&#x44B;, &#x441;&#x43E;&#x432;&#x435;&#x449;&#x430;&#x43D;&#x438;&#x44F; &#x438; &#x442;.&#x43F;.</subfield>
    <subfield code="y">&#x410;&#x437;&#x438;&#x44F;</subfield>
    <subfield code="9">2496319</subfield>
    <subfield code="3">RU\NLR\AUTH\661480845</subfield>
  </datafield>
  <datafield tag="606" ind1="1" ind2=" ">
    <subfield code="a">&#x41C;&#x435;&#x442;&#x430;&#x43B;&#x43B;&#x43E;&#x433;&#x435;&#x43D;&#x438;&#x44F;</subfield>
    <subfield code="j">&#x421;&#x44A;&#x435;&#x437;&#x434;&#x44B;, &#x441;&#x43E;&#x432;&#x435;&#x449;&#x430;&#x43D;&#x438;&#x44F; &#x438; &#x442;.&#x43F;.</subfield>
    <subfield code="y">&#x410;&#x437;&#x438;&#x44F;</subfield>
    <subfield code="9">1591307</subfield>
    <subfield code="3">RU\NLR\AUTH\66699485</subfield>
  </datafield>
  <datafield tag="606" ind1="1" ind2=" ">
    <subfield code="a">&#x41F;&#x43B;&#x44E;&#x43C;&#x44B;</subfield>
    <subfield code="j">&#x421;&#x44A;&#x435;&#x437;&#x434;&#x44B;, &#x441;&#x43E;&#x432;&#x435;&#x449;&#x430;&#x43D;&#x438;&#x44F; &#x438; &#x442;.&#x43F;.</subfield>
    <subfield code="y">&#x410;&#x437;&#x438;&#x44F;</subfield>
    <subfield code="9">2496322</subfield>
    <subfield code="3">RU\NLR\AUTH\661480846</subfield>
  </datafield>
  <datafield tag="686" ind1="1" ind2=" ">
    <subfield code="a">&#x414;342-09(5)&#x44F;431(0)</subfield>
  </datafield>
  <datafield tag="686" ind1="1" ind2=" ">
    <subfield code="a">&#x414;451-09(5)&#x44F;431(0)</subfield>
  </datafield>
  <datafield tag="686" ind1="1" ind2=" ">
    <subfield code="a">&#x414;312.1(5)&#x44F;431(0)</subfield>
  </datafield>
  <datafield tag="710" ind1="1" ind2="2">
    <subfield code="4">070</subfield>
    <subfield code="8">eng</subfield>
    <subfield code="a">"Large igneous provinces of Asia, mantle plumes and metallogeny", international symposium</subfield>
    <subfield code="f">2007</subfield>
    <subfield code="e">Novosibirsk</subfield>
    <subfield code="7">ba</subfield>
    <subfield code="3">RU\NLR\AUTH\8810107938</subfield>
    <subfield code="9">716061</subfield>
  </datafield>
  <datafield tag="801" ind1=" " ind2="0">
    <subfield code="a">RU</subfield>
    <subfield code="b">NLR</subfield>
    <subfield code="c">20071120</subfield>
    <subfield code="g">RCR</subfield>
  </datafield>
  <datafield tag="942" ind1=" " ind2=" ">
    <subfield code="c">BOOK</subfield>
  </datafield>
  <datafield tag="980" ind1=" " ind2=" ">
    <subfield code="a">NB</subfield>
  </datafield>
  <datafield tag="995" ind1=" " ind2=" ">
    <subfield code="5">2007-11-20</subfield>
    <subfield code="a">ad</subfield>
    <subfield code="b">NLR01</subfield>
    <subfield code="c">NLR01</subfield>
    <subfield code="e">IF</subfield>
    <subfield code="f">1071481</subfield>
    <subfield code="k">&#x418;&#x43A; 2007-3/759</subfield>
    <subfield code="o">0</subfield>
    <subfield code="r">BOOK</subfield>
    <subfield code="s">_20073759</subfield>
    <subfield code="u"> ;  </subfield>
  </datafield>
</record>
